| 000 | 00878nam a22001817a 4500 | ||
|---|---|---|---|
| 005 | 20250403162303.0 | ||
| 010 | _aHIN-129590 | ||
| 020 |
_a9789392554025 _c400.00 |
||
| 035 | _aHN-101936 | ||
| 037 | _bDBAD | ||
| 082 | _aक | ||
| 100 |
_aबंधोपाध्याय, सारदेंदु _980252 |
||
| 245 |
_aव्योमकेश बक्शी की रोमांचकारी कहानियाँ / _cसारदेंदु बन्धोपाध्याय _hहिन्दी |
||
| 260 |
_aनई दिल्ली _bनमस्कार बुक्स _c2022 |
||
| 270 |
_a2/42 (दूसरी मंजिल) , अंसारी रोड, दरियागंज _bनई दिल्ली _e110002 |
||
| 300 |
_a216पृ. _c23सेमी (सजिल्द ) |
||
| 942 |
_2ddc _cHN _hक _mबंधोपा _eप्रथम |
||
| 999 |
_c210763 _d210763 |
||